[Event "Vienna Advent op"]
[Site "Vienna"]
[Date "2024.12.14"]
[Round "6"]
[White "Archan, Elikya"]
[Black "Leitner, Gerald"]
[Result "0-1"]
[WhiteElo "1908"]
[BlackElo "2117"]
[PlyCount "80"]
[EventDate "2024.12.09"]
[EventType "swiss"]
[EventRounds "7"]
[EventCountry "AUT"]
[SourceTitle "CB04_2025"]
[SourceDate "2025.01.22"]
[SourceVersion "1"]
[SourceVersionDate "2025.01.22"]
[SourceQuality "1"]

1. e4 c6 2. d4 d5 3. exd5 cxd5 4. c4 Nf6 5. Nc3 e6 6. Nf3 Be7 7. cxd5 Nxd5 8. Bd3 Nc6 9. 0-0 0-0 10. Re1 Nf6 11. Bg5 h6 12. Bh4 Nb4 13. Bc4 a6 14. a3 Nbd5 15. Ne5 Nxc3 16. bxc3 Qc7 17. Qf3 Rb8 18. Bd3 Bd7 19. Ng4 Bc6 20. Bg3 Bxf3 21. Nxf6+ Bxf6 22. Bxc7 Rbc8 23. Ba5 Bd5 24. Rab1 b5 25. a4 bxa4 26. Bb4 Rfd8 27. Ra1 Bb3 28. Bxa6 Rb8 29. Bc5 Bg5 30. Re2 Rd7 31. Rb2 Bf4 32. g3 Bc7 33. Be2 Rdd8 34. Bb4 e5 35. dxe5 Bxe5 36. Ba5 Rdc8 37. Bg4 Rc5 38. Bb4 Rxb4 39. cxb4 Bxb2 40. bxc5 Bxa1 0-1

[Event "Vienna Advent op"]
[Site "Vienna"]
[Date "2024.12.13"]
[Round "5"]
[White "Leitner, Gerald"]
[Black "Miazhynski, Michael"]
[Result "1/2-1/2"]
[WhiteElo "2117"]
[BlackElo "2271"]
[PlyCount "275"]
[EventDate "2024.12.09"]
[EventType "swiss"]
[EventRounds "7"]
[EventCountry "AUT"]
[SourceTitle "CB04_2025"]
[SourceDate "2025.01.22"]
[SourceVersion "1"]
[SourceVersionDate "2025.01.22"]
[SourceQuality "1"]

1. d4 Nf6 2. Nf3 e6 3. c4 b6 4. Nc3 Bb4 5. Qc2 Bb7 6. a3 Bxc3+ 7. Qxc3 0-0 8. Bg5 d6 9. e3 h6 10. Bh4 g5 11. Bg3 Ne4 12. Qc2 Nd7 13. Nd2 f5 14. Nxe4 Bxe4 15. Qd2 Bb7 16. f3 Qf6 17. h4 g4 18. fxg4 fxg4 19. Bd3 Qg7 20. 0-0-0 Nf6 21. Qc2 Nh5 22. Be1 Rf6 23. Rf1 Raf8 24. Rxf6 Qxf6 25. c5 Ng7 26. c6 Bc8 27. Qe2 h5 28. Bc2 Qf1 29. Qxf1 Rxf1 30. e4 Ba6 31. Bd2 Kf7 32. a4 Ne8 33. b4 Bc4 34. Bg5 Nf6 35. g3 e5 36. Rxf1 Bxf1 37. dxe5 dxe5 38. Kd2 Bc4 39. Kc3 Ba2 40. Bd3 Ne8 41. Bd8 Be6 42. a5 Ba2 43. axb6 axb6 44. Bc2 Ke6 45. Kb2 Bc4 46. Kc3 b5 47. Kd2 Kd6 48. Ke3 Kxc6 49. Be7 Kd7 50. Bc5 Ng7 51. Bd1 Ne6 52. Ba7 Kc6 53. Kd2 Kb7 54. Be3 Kc6 55. Kc3 Kd6 56. Bc2 Nd8 57. Bc5+ Ke6 58. Be3 Nb7 59. Bd1 Nd6 60. Bc2 Ne8 61. Bc5 Nf6 62. Kd2 Nd7 63. Be3 Nb8 64. Kc3 Na6 65. Bh6 Nb8 66. Be3 Nd7 67. Bf2 Kd6 68. Be3 Bf7 69. Bd3 c6 70. Bc2 Bg8 71. Bg5 Bf7 72. Be3 Bg6 73. Bg5 c5 74. Bd8 Bh7 75. Bd3 c4 76. Bc2 Nf8 77. Bg5 Ne6 78. Be3 Nc7 79. Bc5+ Ke6 80. Bb6 Ne8 81. Kd2 Nf6 82. Ke3 Kd6 83. Bc5+ Kc6 84. Be7 Ne8 85. Bg5 Kd7 86. Bh6 Nc7 87. Bg7 Ke6 88. Kd2 Bg6 89. Bh6 Kf7 90. Be3 Ne8 91. Bc5 Ke6 92. Ke3 Nc7 93. Bf8 Ne8 94. Bc5 Kd7 95. Bf8 Nc7 96. Bg7 Kd6 97. Bf8+ Ke6 98. Kd2 Na6 99. Kc3 Nb8 100. Bh6 Kf7 101. Bg5 Nc6 102. Be3 Nd8 103. Bb6 Ne6 104. Be3 Ke7 105. Bb6 Kd6 106. Bf2 Nd8 107. Bc5+ Ke6 108. Bf2 Nb7 109. Kd2 Kd6 110. Ke3 Kc6 111. Be1 Nd6 112. Bc3 Nf7 113. Be1 Nd8 114. Bc3 Kd6 115. Bb2 Nc6 116. Bc3 Bh7 117. Bd1 Ne7 118. Bd2 Bg6 119. Bc3 Ng8 120. Bc2 Nf6 121. Be1 Nd7 122. Bc3 Nb6 123. Bb2 Nd5+ 124. exd5 Bxc2 125. Bc3 Bg6 126. Be1 Bf5 127. Bc3 Bh7 128. Be1 Bg6 129. Bc3 Kxd5 130. Be1 Bc2 131. Bc3 Bd1 132. Be1 Bf3 133. Bc3 Bh1 134. Be1 e4 135. Bc3 Bf3 136. Kf4 Ke6 137. Ke3 Kd5 138. Kf4 1/2-1/2

[Event "Vienna Advent op"]
[Site "Vienna"]
[Date "2024.12.12"]
[Round "4"]
[White "Leitner, Gerald"]
[Black "Prober, Raphael"]
[Result "1/2-1/2"]
[WhiteElo "2117"]
[BlackElo "2021"]
[PlyCount "62"]
[EventDate "2024.12.09"]
[EventType "swiss"]
[EventRounds "7"]
[EventCountry "AUT"]
[SourceTitle "CB04_2025"]
[SourceDate "2025.01.22"]
[SourceVersion "1"]
[SourceVersionDate "2025.01.22"]
[SourceQuality "1"]

1. Nf3 Nf6 2. c4 g6 3. Nc3 Bg7 4. e4 e5 5. Be2 0-0 6. 0-0 Re8 7. Re1 d6 8. Bf1 Bg4 9. h3 Bxf3 10. Qxf3 Nc6 11. d3 Nd4 12. Qd1 Nd7 13. Ne2 a5 14. Nxd4 exd4 15. g3 Nc5 16. b3 Qd7 17. Ba3 h5 18. Bxc5 dxc5 19. f4 Bh6 20. Qf3 a4 21. h4 b5 22. e5 Rab8 23. Bg2 bxc4 24. bxc4 Rb2 25. Qc6 Qe7 26. Qxa4 Bxf4 27. gxf4 Qxh4 28. Qxe8+ Kg7 29. Rf1 Rxg2+ 30. Kxg2 Qg4+ 31. Kh2 Qh4+ 1/2-1/2

[Event "Kaltern op 7th"]
[Site "Kaltern"]
[Date "2024.10.20"]
[Round "5"]
[White "Leitner, Gerald"]
[Black "Rubini, Alessandro1"]
[Result "1-0"]
[WhiteElo "2122"]
[BlackElo "2066"]
[PlyCount "77"]
[EventDate "2024.10.18"]
[EventType "swiss"]
[EventRounds "5"]
[EventCountry "ITA"]
[SourceTitle "CB43_2024"]
[Source "Chessbase"]
[SourceDate "2024.10.23"]
[SourceVersion "1"]
[SourceVersionDate "2024.10.23"]
[SourceQuality "1"]

1. d4 Nf6 2. c4 e6 3. Nf3 c5 4. d5 exd5 5. cxd5 d6 6. Nc3 g6 7. Nd2 Bg7 8. e4 0-0 9. Be2 Re8 10. 0-0 a6 11. a4 Nbd7 12. h3 b6 13. Qc2 Bb7 14. Nc4 Ne5 15. Ne3 Qe7 16. Re1 Rab8 17. Bd2 c4 18. Nxc4 Nxc4 19. Bxc4 Qc7 20. Bd3 Nd7 21. Rac1 Ne5 22. Be3 Rec8 23. Bf1 Qd7 24. Qb3 f5 25. exf5 Qxf5 26. Bxb6 Rf8 27. a5 Bh6 28. Rcd1 Bc8 29. Ne4 Qh5 30. Qc3 Bg7 31. Qg3 Rf5 32. Be2 Qh6 33. Be3 g5 34. Bxg5 Qg6 35. Bc1 Qxg3 36. Nxg3 Rf7 37. Ne4 Bf8 38. f4 Nd7 39. Ng5 1-0

[Event "Feffernitz op-A 33rd"]
[Site "Feffernitz"]
[Date "2024.08.23"]
[Round "8"]
[White "Leitner, Gerald"]
[Black "Gloessl, Sota Alexander"]
[Result "0-1"]
[WhiteElo "2117"]
[BlackElo "2112"]
[PlyCount "36"]
[EventDate "2024.08.17"]
[EventType "swiss"]
[EventRounds "9"]
[EventCountry "AUT"]
[SourceTitle "CBM 221 Extra"]
[Source "ChessBase"]
[SourceDate "2024.09.30"]
[SourceVersion "1"]
[SourceVersionDate "2024.09.30"]
[SourceQuality "1"]

1. c4 e5 2. Nc3 Nc6 3. g3 Bc5 4. Bg2 a6 5. e3 d6 6. Nge2 Ba7 7. d4 exd4 8. exd4 Nge7 9. 0-0 0-0 10. b3 Nf5 11. d5 Ne5 12. Bb2 h5 13. h3 h4 14. g4 Ng3 15. Nxg3 hxg3 16. Na4 Bxg4 17. Qd2 Qh4 18. Qf4 gxf2+ 0-1

[Event "Feffernitz op-A 33rd"]
[Site "Feffernitz"]
[Date "2024.08.21"]
[Round "6"]
[White "Leitner, Gerald"]
[Black "Logar, Metod"]
[Result "0-1"]
[WhiteElo "2117"]
[BlackElo "2026"]
[PlyCount "96"]
[EventDate "2024.08.17"]
[EventType "swiss"]
[EventRounds "9"]
[EventCountry "AUT"]
[SourceTitle "CBM 221 Extra"]
[Source "ChessBase"]
[SourceDate "2024.09.30"]
[SourceVersion "1"]
[SourceVersionDate "2024.09.30"]
[SourceQuality "1"]

1. d4 Nf6 2. c4 e6 3. Nc3 Bb4 4. e3 0-0 5. Nge2 d5 6. a3 Be7 7. Ng3 b6 8. cxd5 exd5 9. Bd3 c5 10. 0-0 Be6 11. Nf5 Bxf5 12. Bxf5 g6 13. Bh3 Nc6 14. g3 c4 15. Bg2 Qd7 16. e4 dxe4 17. Nxe4 Rad8 18. Nxf6+ Bxf6 19. d5 Nd4 20. Rb1 Rfe8 21. Be3 Nf5 22. Bf4 Nd6 23. Re1 Rxe1+ 24. Qxe1 Re8 25. Qb4 Be5 26. Be3 Rb8 27. Re1 a5 28. Qd2 Qf5 29. Bd4 Bg7 30. h3 h5 31. Kh2 Nb5 32. Bxg7 Kxg7 33. Re7 Qf6 34. Re3 Nd6 35. f4 h4 36. Re5 hxg3+ 37. Kxg3 Rh8 38. Kh2 Rh4 39. Kg3 Nf5+ 40. Kh2 Nd6 41. Kg3 c3 42. bxc3 Nc4 43. Qd4 Nxe5 44. Qxe5 Qxe5 45. fxe5 Rc4 46. d6 Kf8 47. Bd5 Rxc3+ 48. Kf4 Rxa3 0-1

[Event "Feffernitz op-A 33rd"]
[Site "Feffernitz"]
[Date "2024.08.18"]
[Round "2"]
[White "Leitner, Gerald"]
[Black "Sulzbacher, Kurt"]
[Result "1/2-1/2"]
[WhiteElo "2117"]
[BlackElo "1999"]
[PlyCount "120"]
[EventDate "2024.08.17"]
[EventType "swiss"]
[EventRounds "9"]
[EventCountry "AUT"]
[SourceTitle "CBM 221 Extra"]
[Source "ChessBase"]
[SourceDate "2024.09.30"]
[SourceVersion "1"]
[SourceVersionDate "2024.09.30"]
[SourceQuality "1"]

1. d4 Nf6 2. Nf3 g6 3. c4 Bg7 4. Nc3 0-0 5. e4 d6 6. h3 e5 7. d5 Nh5 8. Nh2 a5 9. g3 Na6 10. Be3 Nc5 11. Bg2 f5 12. exf5 Bxf5 13. Bxc5 dxc5 14. 0-0 Bd7 15. Ne4 b6 16. Nf3 h6 17. Nfd2 Qe8 18. Rc1 Qf7 19. Rc3 Kh8 20. Kh2 Rae8 21. Rf3 Qe7 22. Rxf8+ Qxf8 23. Bf3 Nf6 24. Nxf6 Qxf6 25. Be4 Rd8 26. Qf3 Bf5 27. g4 Bxe4 28. Qxf6 Bxf6 29. Nxe4 Rf8 30. Kg3 g5 31. Re1 Be7 32. Nc3 Bd6 33. Re4 Kg7 34. f3 Kg6 35. Ne2 Rb8 36. Kf2 Rf8 37. Ke3 Re8 38. Kd2 Rf8 39. Re3 h5 40. Ng3 hxg4 41. hxg4 Rh8 42. Nh5 Rb8 43. Kc3 Rh8 44. Kd3 Rb8 45. Kc2 Rb7 46. b3 Ra7 47. Re1 a4 48. Ng3 axb3+ 49. Kxb3 Ra8 50. Rh1 Rf8 51. Nf5 Rxf5 52. gxf5+ Kxf5 53. Kc3 e4 54. fxe4+ Kxe4 55. Re1+ Kf3 56. Kd3 g4 57. Rf1+ Kg2 58. Ke2 Kg3 59. Rf7 Be5 60. Kf1 Kh4 1/2-1/2

[Event "St Veit op 43rd"]
[Site "St Veit"]
[Date "2024.07.11"]
[Round "7"]
[White "Leitner, Gerald"]
[Black "Wallner, Dieter"]
[Result "1-0"]
[WhiteElo "2119"]
[BlackElo "1963"]
[PlyCount "57"]
[EventDate "2024.07.06"]
[EventType "swiss"]
[EventRounds "9"]
[EventCountry "AUT"]
[SourceTitle "CBM 221 Extra"]
[Source "ChessBase"]
[SourceDate "2024.09.30"]
[SourceVersion "1"]
[SourceVersionDate "2024.09.30"]
[SourceQuality "1"]

1. d4 d5 2. c4 e6 3. Nc3 c6 4. Nf3 dxc4 5. a4 Bb4 6. e3 b5 7. Bd2 a5 8. axb5 Bxc3 9. Bxc3 cxb5 10. b3 Bb7 11. bxc4 b4 12. Bb2 Nf6 13. Bd3 0-0 14. 0-0 Nbd7 15. Re1 Ne4 16. Nd2 Nxd2 17. Qxd2 Qc7 18. Rac1 Rfb8 19. Bb1 Qd8 20. d5 exd5 21. cxd5 Qb6 22. e4 a4 23. e5 Nf8 24. e6 fxe6 25. Qg5 e5 26. Bxe5 Ng6 27. Rc7 Re8 28. Rxg7+ Kh8 29. Rxg6+ 1-0

[Event "St Veit op 43rd"]
[Site "St Veit"]
[Date "2024.07.08"]
[Round "4"]
[White "Privitera, Franco"]
[Black "Leitner, Gerald"]
[Result "0-1"]
[WhiteElo "1934"]
[BlackElo "2119"]
[PlyCount "110"]
[EventDate "2024.07.06"]
[EventType "swiss"]
[EventRounds "9"]
[EventCountry "AUT"]
[SourceTitle "CBM 221 Extra"]
[Source "ChessBase"]
[SourceDate "2024.09.30"]
[SourceVersion "1"]
[SourceVersionDate "2024.09.30"]
[SourceQuality "1"]

1. g3 c5 2. Bg2 Nc6 3. Nf3 g6 4. 0-0 Bg7 5. c4 e5 6. Nc3 Nge7 7. d3 0-0 8. Bd2 d6 9. Qc1 a6 10. Bh6 Rb8 11. Bxg7 Kxg7 12. a4 Bg4 13. Nd2 Qd7 14. Re1 h5 15. h4 Nb4 16. Nd5 Nexd5 17. cxd5 b5 18. axb5 axb5 19. Kh2 Qc7 20. Qc3 Ra8 21. e3 Na6 22. f4 f6 23. Rf1 Qe7 24. Ne4 exf4 25. Rxf4 Nc7 26. Rxa8 Nxa8 27. Qa5 Nc7 28. Nf2 Ra8 29. Qc3 Bf5 30. e4 Bc8 31. b4 cxb4 32. Qxb4 Bd7 33. d4 g5 34. hxg5 fxg5 35. Rf3 Ne8 36. e5 Ra4 37. Qb2 g4 38. Ra3 Bf5 39. Rxa4 bxa4 40. Qa3 h4 41. e6 h3 42. Bh1 Qg5 43. Qc3 Bg6 44. Kg1 Kh6 45. Ne4 Bxe4 46. Bxe4 Qf6 47. Bc2 a3 48. Qd3 Qg7 49. Bb1 Nf6 50. Qe3+ Qg5 51. Qxa3 Qxd5 52. Qe3+ Kg7 53. Qf2 Qxe6 54. Qc2 Kf8 55. Qg6 Qe1+ 0-1

[Event "St Veit op 43rd"]
[Site "St Veit"]
[Date "2024.07.07"]
[Round "3"]
[White "Leitner, Gerald"]
[Black "Stadlinger, Lea"]
[Result "1-0"]
[WhiteElo "2119"]
[BlackElo "1912"]
[PlyCount "113"]
[EventDate "2024.07.06"]
[EventType "swiss"]
[EventRounds "9"]
[EventCountry "AUT"]
[SourceTitle "CBM 221 Extra"]
[Source "ChessBase"]
[SourceDate "2024.09.30"]
[SourceVersion "1"]
[SourceVersionDate "2024.09.30"]
[SourceQuality "1"]

1. e4 c6 2. d4 d5 3. e5 c5 4. dxc5 e6 5. Be3 Ne7 6. c3 Nd7 7. Nf3 Nc6 8. Bb5 Bxc5 9. Bxc5 Nxc5 10. 0-0 Qb6 11. Qe2 a6 12. Bxc6+ bxc6 13. Qe3 a5 14. Nbd2 Rb8 15. b4 axb4 16. cxb4 Na4 17. Qxb6 Rxb6 18. a3 Ba6 19. Rfc1 Kd7 20. Nb3 h6 21. Nc5+ Nxc5 22. Rxc5 Ra8 23. Ra5 Rb5 24. Rxb5 Bxb5 25. Nd4 Bc4 26. f4 Kc7 27. Kf2 Kb6 28. a4 Rc8 29. Ke3 c5 30. bxc5+ Kxc5 31. g4 Ra8 32. f5 Ra6 33. h4 g6 34. fxg6 fxg6 35. g5 hxg5 36. hxg5 Kb4 37. Kd2 Ra8 38. a5 Ra6 39. Ke3 Kc5 40. Ra4 Bb5 41. Nb3+ Kc6 42. Rf4 Bc4 43. Nd4+ Kd7 44. Rf7+ Ke8 45. Rg7 Rxa5 46. Rxg6 Ra1 47. Rxe6+ Kf7 48. Rf6+ Kg8 49. Nf3 Ra2 50. e6 Re2+ 51. Kd4 Re4+ 52. Kc5 Bb3 53. Nd4 Ba4 54. Kxd5 Rg4 55. Nf3 Bc2 56. e7 Ba4 57. Rf8+ 1-0

[Event "Bozen Harrwitz Memorial"]
[Site "Bozen"]
[Date "2024.06.21"]
[Round "1"]
[White "Leitner, Gerald"]
[Black "Korneev, Oleg"]
[Result "1/2-1/2"]
[WhiteElo "2117"]
[BlackElo "2464"]
[PlyCount "52"]
[EventDate "2024.06.21"]
[EventType "swiss"]
[EventRounds "5"]
[EventCountry "ITA"]
[SourceTitle "CBM 220 Extra"]
[Source "ChessBase"]
[SourceDate "2024.07.31"]
[SourceVersion "1"]
[SourceVersionDate "2024.07.31"]
[SourceQuality "1"]

1. d4 d5 2. c4 e6 3. Nc3 c6 4. Nf3 Nf6 5. e3 Nbd7 6. Qc2 Bd6 7. b3 0-0 8. Bb2 e5 9. Be2 e4 10. Nd2 a6 11. f3 exf3 12. gxf3 Re8 13. e4 Bb4 14. 0-0-0 Nf8 15. Bd3 Bxc3 16. Qxc3 Nh5 17. Kb1 b5 18. Nf1 bxc4 19. bxc4 Be6 20. Ne3 Nf4 21. Bc2 Qh4 22. Ba4 Rec8 23. Bb3 a5 24. Qc2 Qh3 25. Qf2 a4 26. Bc2 Rab8 1/2-1/2

[Event "AUT-chT2O 2324"]
[Site "Austria"]
[Date "2024.04.20"]
[Round "10.4"]
[White "Leitner, Gerald"]
[Black "Wagner, Leopold Franziskus"]
[Result "1/2-1/2"]
[WhiteElo "2109"]
[BlackElo "2205"]
[PlyCount "70"]
[EventDate "2023.10.13"]
[EventType "team-tourn"]
[EventRounds "11"]
[EventCountry "AUT"]
[SourceTitle "EXT 2025"]
[Source "ChessBase"]
[SourceDate "2024.10.14"]
[SourceVersion "1"]
[SourceVersionDate "2024.10.14"]
[SourceQuality "1"]
[WhiteTeam "Tschaturanga"]
[BlackTeam "Hietzing"]
[WhiteTeamCountry "AUT"]
[BlackTeamCountry "AUT"]

1. Nf3 d5 2. c4 e6 3. d4 Nf6 4. Nc3 Be7 5. Bg5 0-0 6. e3 h6 7. Bxf6 Bxf6 8. Qd2 a6 9. cxd5 exd5 10. Bd3 Re8 11. 0-0 Bg4 12. Rac1 c6 13. Kh1 Nd7 14. b4 b5 15. Ne2 Qc7 16. Bb1 Rac8 17. Nf4 Nb6 18. Nd3 Nc4 19. Qc3 a5 20. bxa5 Bxf3 21. gxf3 Qxa5 22. Qxa5 Nxa5 23. f4 Be7 24. Ne5 Ba3 25. Rcd1 f6 26. Nd3 Nc4 27. Kg2 Ra8 28. Kf3 Bd6 29. h4 Re7 30. h5 Rea7 31. Nc1 Nb2 32. Rd2 Nc4 33. Rdd1 Nb2 34. Rd2 Nc4 35. Re2 Kf8 1/2-1/2

[Event "AUT-chT2O 2324"]
[Site "Austria"]
[Date "2024.02.10"]
[Round "8.4"]
[White "Leitner, Gerald"]
[Black "Neumeier, Klaus"]
[Result "0-1"]
[WhiteElo "2109"]
[BlackElo "2216"]
[PlyCount "120"]
[EventDate "2023.10.13"]
[EventType "team-tourn"]
[EventRounds "11"]
[EventCountry "AUT"]
[SourceTitle "EXT 2025"]
[Source "ChessBase"]
[SourceDate "2024.10.14"]
[SourceVersion "1"]
[SourceVersionDate "2024.10.14"]
[SourceQuality "1"]
[WhiteTeam "Tschaturanga"]
[BlackTeam "Pressbaum"]
[WhiteTeamCountry "AUT"]
[BlackTeamCountry "AUT"]

1. d4 Nf6 2. c4 e6 3. Nf3 d5 4. Nc3 Nbd7 5. cxd5 exd5 6. Bf4 c6 7. e3 Nb6 8. Qc2 Bg4 9. Ne5 Bh5 10. Bd3 Bd6 11. Bg5 Bg6 12. Bxg6 hxg6 13. f4 Qe7 14. 0-0 Qe6 15. Rae1 Kf8 16. f5 gxf5 17. Rxf5 Ne4 18. Ref1 Nxg5 19. Rxg5 Bxe5 20. Rxe5 Qh6 21. h3 Nc4 22. Qf5 Nxe5 23. dxe5 Qh5 24. Qd7 Re8 25. e6 f6 26. Ne2 Re7 27. Nf4 Rxd7 28. exd7 Ke7 29. Nxh5 Rxh5 30. Rf4 Kxd7 31. Kf2 Re5 32. Rg4 Re7 33. h4 c5 34. Kf3 b5 35. a3 a5 36. h5 b4 37. axb4 axb4 38. b3 Kd6 39. Rf4 Ke5 40. e4 dxe4+ 41. Rxe4+ Kd6 42. Rf4 Re1 43. h6 gxh6 44. Rxf6+ Re6 45. Rf4 Kd5 46. Rf5+ Kd4 47. Rf4+ Kd5 48. Rf5+ Kd6 49. Kf4 Kc6 50. g4 Kb5 51. Rf8 Kc6 52. Rf5 Kb6 53. Rf8 c4 54. bxc4 Kc5 55. Rc8+ Kd4 56. Rc7 b3 57. c5 Rf6+ 58. Kg3 b2 59. Rb7 Kc3 60. Kh4 Kc2 0-1

[Event "AUT-chT2O 2324"]
[Site "Austria"]
[Date "2024.01.28"]
[Round "7.5"]
[White "Leitner, Gerald"]
[Black "Schwab, Lukas"]
[Result "0-1"]
[WhiteElo "2109"]
[BlackElo "2185"]
[PlyCount "76"]
[EventDate "2023.10.13"]
[EventType "team-tourn"]
[EventRounds "11"]
[EventCountry "AUT"]
[SourceTitle "EXT 2025"]
[Source "ChessBase"]
[SourceDate "2024.10.14"]
[SourceVersion "1"]
[SourceVersionDate "2024.10.14"]
[SourceQuality "1"]
[WhiteTeam "Tschaturanga"]
[BlackTeam "Donaustadt"]
[WhiteTeamCountry "AUT"]
[BlackTeamCountry "AUT"]

1. d4 d5 2. c4 e6 3. Nc3 Nf6 4. Bg5 Be7 5. e3 h6 6. Bxf6 Bxf6 7. Nf3 c6 8. Qc2 Nd7 9. 0-0-0 Qa5 10. cxd5 cxd5 11. Kb1 a6 12. Be2 b5 13. Rc1 Bb7 14. h4 Rc8 15. Qb3 Nb6 16. a3 Be7 17. g4 Nc4 18. Rhd1 Bd6 19. Nd2 Bc6 20. Rc2 Rb8 21. Na2 Ke7 22. Nb4 Rhc8 23. Qc3 Qb6 24. f3 Bd7 25. e4 a5 26. Nxc4 bxc4 27. Na2 Ba4 28. Rcc1 Bxd1 29. Bxd1 Bg3 30. Rc2 Bxh4 31. f4 dxe4 32. Rh2 Bf6 33. Rd2 Rd8 34. Nc1 Rxd4 35. g5 hxg5 36. fxg5 Be5 37. b3 Rxd2 38. Qxd2 Qd4 0-1

[Event "AUT-chT2O 2324"]
[Site "Austria"]
[Date "2024.01.27"]
[Round "6.5"]
[White "Miazhynski, Michael"]
[Black "Leitner, Gerald"]
[Result "0-1"]
[WhiteElo "2198"]
[BlackElo "2109"]
[PlyCount "184"]
[EventDate "2023.10.13"]
[EventType "team-tourn"]
[EventRounds "11"]
[EventCountry "AUT"]
[SourceTitle "EXT 2025"]
[Source "ChessBase"]
[SourceDate "2024.10.14"]
[SourceVersion "1"]
[SourceVersionDate "2024.10.14"]
[SourceQuality "1"]
[WhiteTeam "Bad Voeslau"]
[BlackTeam "Tschaturanga"]
[WhiteTeamCountry "AUT"]
[BlackTeamCountry "AUT"]

1. e4 c5 2. Nf3 e6 3. c3 d5 4. e5 Nc6 5. d4 Qb6 6. a3 Nh6 7. b4 cxd4 8. cxd4 Nf5 9. Bb2 Be7 10. Be2 Bd7 11. 0-0 h5 12. Qd3 Rc8 13. Nbd2 a6 14. Rac1 Na7 15. Rxc8+ Nxc8 16. Rc1 Na7 17. Nb3 Bb5 18. Qd2 Bxe2 19. Qxe2 Nc6 20. Qd3 0-0 21. Bc3 Rc8 22. Bd2 Na7 23. Rxc8+ Nxc8 24. h3 Qc6 25. g4 hxg4 26. hxg4 Nh6 27. Bxh6 gxh6 28. Nc5 Nb6 29. Qe3 Kg7 30. g5 h5 31. Qf4 Na4 32. Qh4 Nxc5 33. dxc5 Qa4 34. Qxh5 Qxa3 35. Qg4 Qc1+ 36. Kg2 Qc4 37. Kg3 Qxg4+ 38. Kxg4 a5 39. Nd4 axb4 40. Nb3 Kg6 41. f4 Bf8 42. Kf3 Kh5 43. Kg3 Be7 44. Kh3 Bxg5 45. fxg5 Kxg5 46. Na5 Kf4 47. Kg2 d4 48. Nxb7 b3 49. c6 b2 50. c7 b1Q 51. c8Q Qb2+ 52. Kg1 Kf3 53. Qg8 Qc1+ 54. Kh2 Qd2+ 55. Kg1 Qe1+ 56. Kh2 Qxe5+ 57. Kh1 Qe1+ 58. Kh2 Qh4+ 59. Kg1 Qf2+ 60. Kh1 Ke2 61. Nc5 Qf3+ 62. Kg1 d3 63. Nxd3 Kxd3 64. Qd8+ Ke3 65. Qb6+ Kf4 66. Qd4+ Kf5 67. Qd7 Qg4+ 68. Kf2 Qf4+ 69. Ke2 Qe4+ 70. Kf2 Qc2+ 71. Ke3 Qb3+ 72. Kf2 Qc2+ 73. Ke3 Qe4+ 74. Kf2 Kg6 75. Qe8 e5 76. Qg8+ Kf6 77. Qd8+ Kg7 78. Qg5+ Qg6 79. Qe3 Qf5+ 80. Ke2 Qg4+ 81. Ke1 Qb4+ 82. Ke2 Qc4+ 83. Ke1 Qf4 84. Qg1+ Kh6 85. Qg8 e4 86. Qh8+ Kg5 87. Qg7+ Kh4 88. Qh7+ Kg3 89. Qg7+ Kh3 90. Qd4 f5 91. Qd5 Qe3+ 92. Kf1 Qd3+ 0-1

[Event "AUT-ch"]
[Site "Vienna"]
[Date "2023.07.27"]
[Round "6"]
[White "Leitner, Gerald"]
[Black "Albadri, Samer"]
[Result "1-0"]
[WhiteElo "2117"]
[BlackElo "1960"]
[PlyCount "133"]
[EventDate "2023.07.22"]
[EventType "swiss"]
[EventRounds "9"]
[EventCountry "AUT"]
[SourceTitle "CBM 215 Extra"]
[Source "ChessBase"]
[SourceDate "2023.09.30"]
[SourceVersion "1"]
[SourceVersionDate "2023.09.30"]
[SourceQuality "1"]

1. e4 c5 2. Nf3 d6 3. d4 cxd4 4. Nxd4 Nf6 5. Nc3 a6 6. Be2 e5 7. Nb3 Be7 8. 0-0 0-0 9. a4 b6 10. f3 Be6 11. Nd5 Nxd5 12. exd5 Bf5 13. Be3 Bg5 14. Bf2 Qc7 15. c3 a5 16. Nd2 Nd7 17. Nc4 h6 18. Na3 Nc5 19. Bb5 Bd7 20. Re1 Rfb8 21. Qc2 Bxb5 22. Nxb5 Qd7 23. b3 Rc8 24. Na3 Rcb8 25. Re2 g6 26. Rb1 Kg7 27. Nb5 h5 28. Be1 Rd8 29. c4 Qf5 30. Qxf5 gxf5 31. Bf2 Rab8 32. g3 Nd3 33. Rd1 Nxf2 34. Kxf2 Rd7 35. Rg1 Rh8 36. f4 Bf6 37. fxe5 Bxe5 38. Kf3 Kf6 39. Ke3 Rg8 40. Rf2 Rg4 41. Rgf1 Rg5 42. Kd3 Kg6 43. Na3 h4 44. gxh4 Rh5 45. Nc2 Rxh4 46. Ne3 f4 47. Rg1+ Kf6 48. Ke4 Rh3 49. Ng4+ Ke7 50. Nxe5 dxe5 51. Kxe5 Rxb3 52. Rxf4 Rb4 53. Rgf1 Ke8 54. d6 Rxa4 55. Rh4 Kf8 56. Kd5 Ra2 57. Kc6 Rd8 58. Rg1 Rxd6+ 59. Kxd6 Rd2+ 60. Kc6 a4 61. Kxb6 a3 62. Ra1 a2 63. c5 Rb2+ 64. Kc7 f5 65. c6 Ke7 66. h3 Rh2 67. Ra4 1-0

[Event "AUT-ch"]
[Site "Vienna"]
[Date "2023.07.26"]
[Round "5"]
[White "Kindermann, Stefan"]
[Black "Leitner, Gerald"]
[Result "1-0"]
[WhiteElo "2459"]
[BlackElo "2117"]
[PlyCount "49"]
[EventDate "2023.07.22"]
[EventType "swiss"]
[EventRounds "9"]
[EventCountry "AUT"]
[SourceTitle "CBM 215 Extra"]
[Source "ChessBase"]
[SourceDate "2023.09.30"]
[SourceVersion "1"]
[SourceVersionDate "2023.09.30"]
[SourceQuality "1"]

1. d4 Nf6 2. Nf3 c5 3. d5 b5 4. c3 Bb7 5. e4 Nxe4 6. Bxb5 Nf6 7. c4 g6 8. 0-0 Bg7 9. Nc3 0-0 10. Re1 e6 11. Bf4 exd5 12. cxd5 d6 13. Qe2 a6 14. Ba4 Nbd7 15. Bxd6 Re8 16. Be7 Qc8 17. d6 Rb8 18. Ng5 Bf8 19. Bb3 Qc6 20. Bxf7+ Kg7 21. f3 h6 22. Bxe8 Rxe8 23. Ne6+ Kg8 24. Qc2 Kf7 25. Nf4 1-0

[Event "AUT-ch"]
[Site "Vienna"]
[Date "2023.07.24"]
[Round "3"]
[White "Schernthaner, David"]
[Black "Leitner, Gerald"]
[Result "1-0"]
[WhiteElo "2296"]
[BlackElo "2117"]
[PlyCount "80"]
[EventDate "2023.07.22"]
[EventType "swiss"]
[EventRounds "9"]
[EventCountry "AUT"]
[SourceTitle "CBM 215 Extra"]
[Source "ChessBase"]
[SourceDate "2023.09.30"]
[SourceVersion "1"]
[SourceVersionDate "2023.09.30"]
[SourceQuality "1"]

1. e4 c5 2. Nf3 g6 3. d4 cxd4 4. Qxd4 Nf6 5. Nc3 Nc6 6. Qa4 Bg7 7. e5 Ng8 8. Bf4 Nh6 9. h3 0-0 10. 0-0-0 a6 11. g4 Kh8 12. Qe4 b5 13. Qe3 Ng8 14. h4 f6 15. g5 fxe5 16. Bxe5 Nxe5 17. Nxe5 Qc7 18. Nxg6+ hxg6 19. h5 Bb7 20. Nd5 Bxd5 21. Rxd5 Nf6 22. gxf6 Rxf6 23. hxg6+ Kg8 24. Bd3 e6 25. Rd4 Qc5 26. Rxd7 Qxe3+ 27. fxe3 Rf2 28. Rh7 Be5 29. Rhe7 Raf8 30. Rxe6 Bg3 31. Rf7 R8xf7 32. gxf7+ Kxf7 33. Rxa6 b4 34. Kd1 Rh2 35. Rb6 Rh1+ 36. Ke2 Ra1 37. Rxb4 Ke7 38. a4 Kd6 39. Rg4 Be5 40. b3 Bc3 1-0